[Event "It (open) \"]
[Site "masterchessopen.com Nuernberg (Germany)"]
[Date "2010.09.05"]
[Round "6"]
[White "Seifert Volker (GER)"]
[Black "Henrichs Thomas (GER)"]
[Result "1-0"]
[WhiteElo "2332"]
[BlackElo "2507"]

1.d4 Nf6 2.c4 g6 3.Nc3 d5 4.Bf4 Bg7 5.e3 c5 6.dxc5 Qa5 7.Rc1 dxc4 8.Bxc4 O-O
9.Ne2 Qxc5 10.Qb3 Nc6 11.Nb5 Qh5 12.Ng3 Qh4 13.Nc7 e5 14.Bg5 Qxg5 15.Nxa8 h5
16.h4 Qg4 17.Qd1 Qxd1+ 18.Rxd1 Bg4 19.f3 Rxa8 20.fxg4 Nxg4 21.Rd7 Nxe3
22.Bxf7+ Kh7 23.Ne4 Nxg2+ 24.Kf2 Nf4 25.Rhd1 Nd4 26.Rxb7 Kh6 27.Bc4 Rf8 28.Rf7
Rxf7 29.Bxf7 Nf5 30.b4 Nxh4 31.b5 Nf5 32.Rd7 h4 33.Rxa7 h3 34.Kg1 Bf8 35.Ra6
Kh5 36.b6 Kh4 37.Kh1 Bc5 38.Bc4 Bxb6 39.Rxb6 g5 40.Rb3 g4 41.a4 g3 42.Nxg3
Nxg3+ 43.Kh2 Ne4 44.a5 Nf2 45.Rg3 Nh5 46.Rg8 {#r} 1-0

[Event "It \"]
[Site "masterchessopen.com Nanjing (China)"]
[Date "2010.10.30"]
[Round "10"]
[White "Wang Yue (CHN)"]
[Black "Topalov Veselin (BUL)"]
[Result "0-1"]
[WhiteElo "2732"]
[BlackElo "2803"]

1.d4 Nf6 2.c4 g6 3.Nc3 d5 4.Bf4 Bg7 5.e3 c5 6.dxc5 Qa5 7.Qa4+ Qxa4 8.Nxa4 Bd7
9.Nc3 Ne4 10.Nxd5 Na6 11.f3 Nexc5 12.O-O-O Rc8 13.Bg5 { N } ( 13.Ne2 Na4
14.Nec3 e6 15.Bh6 Bxh6 16.Nf6+ Ke7 17.Rxd7+ Kxf6 18.Nxa4 Bxe3+ 19.Kb1 Rhd8
20.Rxd8 Rxd8 21.Be2 Rd2 22.Nc3 Nc5 23.Rd1 Rxd1+ 24.Bxd1 Bg1 25.h3 Bd4 26.a3 {
0-1, Roos Michael (GER) 2367 - Henrichs Thomas (GER) 2485, Palma de Majorca
(Spain) 2008.12.12 } ) 13...f6 14.Bh4 Kf7 15.Ne2 e6 16.Ndc3 Bh6 17.Bf2 e5
18.Kb1 Rhd8 19.e4 f5 20.Ng3 b6 21.Be2 f4 22.Nf1 Bf8 23.a3 Ne6 24.Nd2 Nac5
25.Nd5 a5 26.b4 axb4 27.axb4 Ba4 28.Rc1 Rb8 29.Rc3 Nd4 30.Bxd4 exd4 31.Ra3 b5
32.bxc5 Bxc5 { DA } 33.Ra2 { ? } ( 33.Rb3 { ! } 33...Bxb3 34.Nxb3 bxc4 35.Bxc4
Kg7 36.Kc2 { +?? } ) 33...d3 34.Bxd3 bxc4+ 35.Kc1 cxd3 36.Rxa4 Be3 37.Nxe3 { ?
} ( 37.Rb4 Rxb4 38.Nxb4 Rd4 39.Nxd3 Rxd3 40.Rd1 Rd7 41.Kc2 Rc7+ 42.Kb3 Rd7 { 2
} ) 37...fxe3 38.Nc4 Rdc8 39.Rd1 Rb3 40.Ra7+ Kg8 41.Ra4 Rc3+ {#R} 0-1

[Event "Extra League 2010/11"]
[Site "masterchessopen.com Czech Republic"]
[Date "2010.12.03"]
[Round "5"]
[White "Konopka Michal (CZE)"]
[Black "Bobras Piotr (POL)"]
[Result "0-1"]
[WhiteElo "2454"]
[BlackElo "2535"]

1.d4 Nf6 2.c4 g6 3.Nc3 d5 4.Bf4 Bg7 5.e3 c5 6.dxc5 Qa5 7.Rc1 Ne4 8.cxd5 Nxc3
9.Qd2 Qxa2 10.bxc3 Qa5 11.Nf3 Nd7 12.c4 Qxd2+ 13.Nxd2 Nxc5 14.e4 b6 15.Be2 f5
16.e5 g5 17.Bxg5 Bxe5 18.O-O Bd7 19.Bh5+ Kd8 20.Nf3 Bd6 21.Be3 Kc7 22.Ng5 f4
23.Bxc5 bxc5 24.Ne6+ Bxe6 25.dxe6 a5 26.Ra1 a4 27.Bf3 Ra7 28.Rfb1 a3 29.g3 Be5
30.Ra2 Rb8 31.Rd1 Bd4 32.Rd3 Rb1+ 33.Kg2 Ra1 34.Rxa1 Bxa1 35.Rd7+ Kb6 36.Bd1
Bf6 37.Bb3 Rxd7 38.exd7 e6 39.gxf4 Ka5 40.Kf3 Kb4 41.Ba2 Kc3 42.Ke2 Kb2 43.Kd3
Kxa2 44.Kc2 Bd8 45.h3 Bf6 {#R} 0-1

[Event "It (open)"]
[Site "masterchessopen.com San Sebastian de los Reyes (Spain)"]
[Date "2010.12.06"]
[Round "7"]
[White "Quevedo Marin Manuel (ESP)"]
[Black "Quintero Torres Pedro (ESP)"]
[Result "1-0"]
[WhiteElo "2183"]
[BlackElo "2006"]

1.d4 Nf6 2.c4 g6 3.Nc3 d5 4.Bf4 Bg7 5.e3 c5 6.dxc5 Qa5 7.Rc1 Ne4 8.Ne2 dxc4
9.Qa4+ Qxa4 10.Nxa4 Nc6 11.Rxc4 f5 12.Rc1 Be6 13.Nec3 Nxc3 14.Nxc3 Bxc3+
15.Rxc3 Bxa2 16.b3 a5 17.Bb5 a4 18.Bxa4 O-O 19.Ke2 e5 20.Bg5 Kg7 21.Ra1 h6
22.Bh4 g5 23.Rxa2 gxh4 24.Rd2 Rf7 25.h3 e4 26.Rd6 Ne5 27.Rc1 Nd3 28.Rc4 Rc7
29.c6 b5 30.Bxb5 Ra2+ 31.Kf1 Ra1+ 32.Ke2 Ra2+ 33.Kd1 Nb2+ 34.Kc1 Nxc4 35.Bxc4
Ra5 36.Kb2 Kf8 37.b4 Ra8 38.b5 Rb8 39.Kc3 Ke7 40.Rxh6 Rcc8 41.Kd4 Rd8+ 42.Kc5
Rd2 43.Re6+ Kd8 44.b6 Ra8 45.Rd6+ Rxd6 46.Kxd6 {#r} 1-0

[Event "It (open)"]
[Site "masterchessopen.com Tenerife (Spain)"]
[Date "2010.12.28"]
[Round "8"]
[White "Estevez Hernandez Cristo (ESP)"]
[Black "Fernandez Garcia Jose Luis (ESP)"]
[Result "0-1"]
[WhiteElo "1875"]
[BlackElo "2428"]

1.d4 Nf6 2.c4 g6 3.Nc3 d5 4.Bf4 Bg7 5.e3 c5 6.dxc5 Qa5 7.Rc1 Ne4 8.cxd5 Nxc3
9.Qd2 Qxa2 10.bxc3 Qxd2+ 11.Kxd2 O-O 12.Bc4 Nd7 13.Nf3 Nxc5 14.Be5 Bd7 15.Bxg7
Kxg7 16.Ke2 Rfd8 17.Nd4 Rac8 18.Ba2 Ba4 19.f3 Rd6 20.e4 Ra6 21.Ra1 Bd7 22.Rhc1
Ra3 23.Kd2 a6 24.Nc2 Rxa2 25.Rxa2 Nb3+ 26.Kd1 Nxc1 27.Kxc1 Rxc3 28.Kd2 Rc7
29.Nd4 Kf6 30.f4 e5 31.Nf3 exf4 32.Rb2 Bb5 33.Nd4 Ke5 34.Rb4 Rc4 {#R} 0-1

[Event "It (open)"]
[Site "masterchessopen.com Berkeley (USA)"]
[Date "2011.01.02"]
[Round "1"]
[White "Milman Lev (USA)"]
[Black "Troff Kayden W (USA)"]
[Result "1-0"]
[WhiteElo "2452"]
[BlackElo "2306"]

1.d4 Nf6 2.c4 g6 3.Nc3 d5 4.Bf4 Bg7 5.e3 c5 6.dxc5 Qa5 7.Rc1 dxc4 8.Bxc4 Qxc5
9.Qb3 O-O 10.Nb5 Be6 11.Nc7 Ne4 12.Nf3 Qa5+ 13.Ke2 Bg4 14.Rhd1 e5 15.Nxa8 exf4
16.Qxb7 Nc5 17.Qb5 Qxb5 18.Bxb5 Ne4 19.Rc4 Bf5 20.exf4 Bxb2 21.g4 Nc3+ 22.Rxc3
Bxc3 23.gxf5 Ba5 24.fxg6 fxg6 25.Rc1 a6 26.Ba4 Rxf4 27.Rc8+ Kg7 28.Bb3 Nd7
29.Nc7 Re4+ 30.Kf1 Nf6 31.h3 Kh6 32.Nxa6 Rf4 33.Kg2 Nh5 34.Rc5 Bb6 35.Rc6 Ba7
36.Nc5 Bb8 37.Rc8 Bd6 38.Nd3 Rf6 39.Nfe5 Bxe5 40.Nxe5 Nf4+ 41.Kh2 Rf5 42.Rc5
Kg7 43.Rc7+ Kf6 44.Ng4+ Kg5 45.Rxh7 Ne2 46.Bc4 Nd4 47.Rf7 Rc5 48.f4+ Kh4
49.Ne5 {#r} 1-0

[Event "It (open)"]
[Site "masterchessopen.com Zalakaros (Hungary)"]
[Date "2011.05.21"]
[Round "2"]
[White "Csiszar Csaba (HUN)"]
[Black "Dankhazi Andras (HUN)"]
[Result "1-0"]
[WhiteElo "2394"]
[BlackElo "2085"]

1.d4 Nf6 2.c4 g6 3.Nc3 d5 4.Bf4 Bg7 5.e3 c5 6.dxc5 Qa5 7.Rc1 dxc4 8.Bxc4 O-O
9.Qa4 Qxc5 10.Nb5 Be6 11.Ne2 Bxc4 12.Rxc4 Qf5 13.e4 Qg4 14.Nc7 a6 15.Qa3 b5
16.h3 Qd7 17.Rd4 Qc6 18.O-O Nh5 19.Nd5 Ra7 20.Be3 Qe6 21.g4 Nf6 22.Nef4 Qe5
23.Nd3 Qe6 24.Rb4 Rd7 25.Nc5 Qd6 26.Nxd7 Nbxd7 27.Rd1 Qe6 28.Nf4 Qc6 29.g5
Nxe4 30.Nd5 Qe6 31.Nf4 Qc6 32.Rxe4 Qxe4 33.Rxd7 Re8 34.Qd3 Qc6 35.Qd5 Qc2
36.Rd8 Rf8 37.Rxf8+ Bxf8 38.Qe5 Qd1+ 39.Kg2 {#r} 1-0

[Event "It \"]
[Site "masterchessopen.com Bhubaneswar (India)"]
[Date "2011.06.03"]
[Round "8"]
[White "Murali Krishnan B T (IND)"]
[Black "Kiran Monisha Mohanty (IND)"]
[Result "1-0"]
[WhiteElo "2366"]
[BlackElo "2213"]

1.d4 Nf6 2.c4 g6 3.Nc3 d5 4.Bf4 Bg7 5.e3 c5 6.dxc5 Qa5 7.Rc1 dxc4 8.Bxc4 Qxc5
9.Nb5 Qb4+ 10.Kf1 O-O 11.a3 Qa5 12.b4 Qa6 13.Nc7 Qxa3 14.Nxa8 Nc6 15.Ne2 Bg4
16.Nc7 Ne4 17.f3 Rd8 18.Nd5 e6 19.fxe4 exd5 20.exd5 Ne5 21.Bxe5 Bxe5 22.Qb3
{#r} 1-0

[Event "Ch Kosice"]
[Site "masterchessopen.com Kosice (Czech Republic)"]
[Date "2011.06.30"]
[Round "7"]
[White "Borovsky Adam (SVK)"]
[Black "Vrabel Michal (SVK)"]
[Result "1-0"]
[WhiteElo "1961"]
[BlackElo "1977"]

1.c4 Nf6 2.Nc3 d5 3.d4 g6 4.Bf4 Bg7 5.e3 c5 6.dxc5 Qa5 7.Qa4+ Qxa4 8.Nxa4 Be6
9.cxd5 Nxd5 10.Bxb8 Rxb8 11.Bb5+ Kf8 12.Rc1 a6 13.Bc4 Nb4 14.Bxe6 fxe6 15.Ke2
Nxa2 16.Rc4 Rc8 17.Nb6 Rc6 18.Nf3 a5 19.Ra1 Nb4 20.Rxa5 Nd5 21.Ra8+ Kf7
22.Ng5+ Kf6 23.Rxh8 Kxg5 24.Rc8 Nxb6 25.cxb6 Rxb6 26.b4 h5 27.h4+ Kh6 28.R8c7
Bf6 29.Kd3 Kg7 30.Re4 Kf7 31.Kc4 Rd6 32.Rxb7 Rd2 33.Rf4 Ke8 34.g3 Rc2+ 35.Kd3
Rb2 36.Rb8+ Kd7 37.Rg8 e5 38.Rc4 Ke6 39.e4 Rxf2 40.Ke3 Rb2 41.Rxg6 Rb3+ 42.Kf2
{#r} 1-0

[Event "It (open) \"]
[Site "masterchessopen.com Sunningdale (England)"]
[Date "2011.09.17"]
[Round "2"]
[White "Aagaard Gert (DEN)"]
[Black "Truman Richard G (ENG)"]
[Result "0-1"]
[WhiteElo "2066"]
[BlackElo "1991"]

1.d4 Nf6 2.c4 g6 3.Nc3 d5 4.Bf4 Bg7 5.e3 c5 6.dxc5 Qa5 7.Rc1 dxc4 8.Bxc4 O-O
9.Qa4 Qxc5 10.Nf3 Nc6 11.O-O Bd7 12.Qb5 Qxb5 13.Nxb5 Rac8 14.a3 Nh5 15.Bd5
Nxf4 16.exf4 Bxb2 17.Rb1 Bg7 18.Rfd1 Rfd8 19.Ng5 e6 20.Bf3 Rb8 21.Nd6 Be8
22.Nxe8 Rxe8 23.Rd7 f6 24.Rdxb7 Rxb7 25.Rxb7 fxg5 26.Bxc6 Rc8 27.Bb5 Rc1+
28.Bf1 gxf4 29.Rxa7 Bd4 30.Rd7 e5 31.a4 Ra1 32.Rd8+ Kg7 33.Ra8 Ra2 34.h4 Bxf2+
35.Kh2 Ra1 36.Be2 Bg3+ 37.Kh3 h5 {#R} 0-1

[Event "Ch World (juniors) (under 12) (g)"]
[Site "masterchessopen.com Caldas Novas (Brazil)"]
[Date "2011.11.20"]
[Round "4"]
[White "Marx Inge"]
[Black "Samardzic Ana"]
[Result "1-0"]
[WhiteElo "1630"]
[BlackElo "1756"]

1.d4 Nf6 2.c4 g6 3.Nc3 d5 4.Bf4 Bg7 5.e3 dxc4 6.Bxc4 O-O 7.Nf3 Nc6 8.O-O e6
9.Rb1 Bd7 10.b4 a6 11.a4 Ne7 12.Bg5 Nf5 13.e4 Nd6 14.Bd3 h6 15.Bxf6 Qxf6 16.e5
Qe7 17.exd6 cxd6 18.Re1 Bc6 19.Rc1 Bxf3 20.Qxf3 Bxd4 21.Qf4 Bg7 22.Qg3 d5
23.Nxd5 Qd8 24.Nf4 Qd6 25.Nh5 Qxb4 26.Nxg7 Kxg7 27.Rxe6 Qd2 28.Rxg6+ Kh8
29.Qe5+ f6 30.Qc7 Rg8 31.Rg3 Rac8 32.Qh7# 1-0

[Event "Cup Rilton"]
[Site "masterchessopen.com Stockholm (Sweden)"]
[Date "2011.12.28"]
[Round "2"]
[White "Socko Monika (POL)"]
[Black "Olofsson-Dolk Mattis (SWE)"]
[Result "1-0"]
[WhiteElo "2479"]
[BlackElo "1988"]

1.d4 Nf6 2.c4 g6 3.Nc3 d5 4.Bf4 Bg7 5.e3 c5 6.dxc5 Qa5 7.Qa4+ Qxa4 8.Nxa4 Bd7
9.Nc3 Ne4 10.Rc1 Nxc3 11.bxc3 dxc4 12.Bxc4 Bc6 13.Nf3 Nd7 14.O-O Bxf3 15.gxf3
O-O 16.c6 bxc6 17.e4 Ne5 18.Be2 f5 19.Be3 f4 20.Bc5 Kf7 21.Rfd1 Rab8 22.Rb1
Rfd8 23.Rb4 Rxd1+ 24.Bxd1 Rd8 25.Rd4 Rb8 26.Kg2 Rb7 27.Bb3+ e6 28.Rd6 Rxb3
29.axb3 Bf8 30.Rxe6 Kxe6 31.Bxf8 Nd3 32.Kf1 a5 33.Ba3 g5 34.Ke2 Ne5 35.c4 a4
36.bxa4 Nxc4 37.Bb4 h5 38.h3 Kd7 39.Bc3 Nd6 40.Bf6 g4 41.hxg4 hxg4 42.e5 Nc4
43.fxg4 Ke6 44.Kf3 Nb6 45.a5 Nd5 46.a6 c5 47.Bd8 {#r} 1-0

[Event "It (open)"]
[Site "masterchessopen.com Krakow (Poland)"]
[Date "2012.01.04"]
[Round "9"]
[White "Shishkin Vadim (UKR)"]
[Black "Sieciechowicz Marcin (POL)"]
[Result "0-1"]
[WhiteElo "2461"]
[BlackElo "2459"]

1.d4 Nf6 2.c4 g6 3.Nc3 d5 4.Bf4 Bg7 5.e3 c5 6.dxc5 Qa5 7.Qa4+ Qxa4 8.Nxa4 Bd7
9.Nc3 Ne4 10.Nxd5 Na6 11.f3 Nexc5 12.O-O-O Rc8 13.Nh3 Bxh3 14.gxh3 e6 15.Nc3
Bxc3 16.bxc3 f6 17.Bd6 Na4 18.Kc2 Nb6 19.Kb3 Kf7 20.Be2 Rc6 21.Rd2 Rhc8 22.Bb4
Ke8 23.Rhd1 Nxc4 24.Bxc4 Rxc4 25.Rd7 Rxc3+ 26.Bxc3 Nc5+ 27.Kb2 Nxd7 28.e4 e5
29.Bb4 Nb8 30.h4 Nc6 31.Bc3 Rd8 32.Rf1 Ke7 33.f4 Rd3 34.fxe5 Nxe5 35.Rc1 Ke6
36.Rc2 Nc4+ 37.Kb3 Nd6 38.Kb4 Nxe4 39.Be1 Re3 40.Ka4 Ke5 {#R} 0-1

[Event "Ch City"]
[Site "masterchessopen.com Klaipeda (Lithuania)"]
[Date "2012.01.29"]
[Round "4"]
[White "Beinoras Mindaugas (LTU)"]
[Black "Vaitonis Vytautas (LTU)"]
[Result "1-0"]
[WhiteElo "2353"]
[BlackElo "2034"]

1.d4 Nf6 2.c4 g6 3.Nc3 d5 4.Bf4 Bg7 5.e3 c5 6.dxc5 Qa5 7.Rc1 dxc4 8.Bxc4 O-O
9.Ne2 Nc6 10.O-O Qxc5 11.Nb5 Qh5 12.Nc7 Rb8 13.f3 Qa5 14.Nb5 e5 15.Bg3 Be6
16.Bxe6 Qxb5 17.Bb3 Rbd8 18.Nc3 Qa6 19.Qe1 Rd7 20.Na4 Re7 21.Nc5 Qb6 22.Qe2
Rfe8 23.Na4 Qd8 24.Rfd1 Qa8 25.Qb5 a6 26.Qe2 e4 27.f4 Na5 28.Nb6 Qb8 29.f5 Re5
30.Ba4 Nc6 31.fxg6 hxg6 32.Bxc6 bxc6 33.Nc4 Nh5 34.Bxe5 Bxe5 35.Nxe5 Qxe5
36.Rxc6 {#r} 1-0

[Event "It \"]
[Site "masterchessopen.com Sabadell (Spain)"]
[Date "2012.03.09"]
[Round "5"]
[White "Avila Jimenez Javier (ESP)"]
[Black "Subirats Ruiz Sergi (ESP)"]
[Result "1-0"]
[WhiteElo "2279"]
[BlackElo "2160"]

1.d4 Nf6 2.c4 g6 3.Nc3 d5 4.Bf4 Bg7 5.e3 c5 6.dxc5 Qa5 7.Rc1 dxc4 8.Bxc4 O-O
9.Ne2 Qxc5 10.Nb5 Qb4+ 11.Kf1 a6 12.a3 Qxb2 13.Rb1 Qxb1 14.Qxb1 axb5 15.Bxb5
Rxa3 16.Be5 Nc6 17.Qb2 Ra7 18.Bc3 Rd8 19.Ng3 Be6 20.Qb1 Ra3 21.Qc1 Rda8 22.Kg1
Rb3 23.Bxc6 bxc6 24.h3 Rab8 25.Qc2 R8b5 26.Ba1 Ra3 27.Kh2 c5 28.Ne4 Ng4+
29.hxg4 Bxa1 30.Ng5 Bb3 31.Qd3 Rb8 32.Qd7 Bf6 33.Ne4 Be6 34.Nxf6+ exf6 35.Qe7
Rc8 36.Qxf6 c4 37.Kg3 c3 38.Qh4 c2 39.Qxh7+ Kf8 40.Qh6+ Ke8 41.Qh8+ Ke7 42.Qb2
Rb3 43.Qa1 Rbc3 44.Rc1 Kf8 45.g5 Bf5 46.f3 R8c6 47.Qb2 Rxe3 48.Qb8+ Ke7
49.Qa7+ {#r} 1-0

[Event "It (cat.2)"]
[Site "masterchessopen.com Chern (Russia)"]
[Date "2012.03.21"]
[Round "7"]
[White "Krutov Alexander (RUS)"]
[Black "Moiseev Viktor (RUS)"]
[Result "0-1"]
[WhiteElo "2001"]
[BlackElo "2421"]

1.d4 Nf6 2.c4 g6 3.Nc3 d5 4.Bf4 Bg7 5.e3 c5 6.dxc5 Qa5 7.Qb3 Nc6 8.Qb5 dxc4
9.Bxc4 O-O 10.Rc1 Bf5 11.Ne2 Ne4 12.O-O Nxc5 13.Rfd1 Qxb5 14.Bxb5 Nb4 15.Nd5
Nxd5 16.Rxd5 Ne6 17.Be5 Rfd8 18.Rxd8+ Rxd8 19.Bxg7 Kxg7 20.Nc3 a6 21.Be2 Rd2
22.b3 Nc5 23.Kf1 b6 24.Ke1 Rb2 25.h4 Bd3 26.Ra1 Bxe2 27.Nxe2 e5 28.f3 Nd3+
29.Kf1 Nb4 30.Nc3 b5 31.Rc1 Nxa2 32.Nxa2 Rxa2 33.Rc6 b4 34.e4 Ra3 35.Kf2 a5
36.Rc5 Rxb3 37.Rxa5 Rb2+ 38.Kg3 Kf6 39.Ra6+ Ke7 40.Ra7+ Ke6 41.Ra6+ Kd7
42.Ra7+ Kc6 43.Rxf7 b3 44.Rf8 Rd2 45.Rb8 b2 46.Kh3 Kc5 {#R} 0-1

[Event "Ch Lithuania (w)"]
[Site "masterchessopen.com Vilnius (Lithuania)"]
[Date "2012.04.23"]
[Round "0"]
[White "Beinoraite Viktorija (LTU)"]
[Black "Zaksaite Salomeja (LTU)"]
[Result "0-1"]
[WhiteElo "1997"]
[BlackElo "2233"]

1.d4 Nf6 2.c4 g6 3.Nc3 d5 4.Bf4 Bg7 5.e3 c5 6.dxc5 Qa5 7.Rc1 dxc4 8.Bxc4 O-O
9.Ne2 Qxc5 10.Qb3 e5 11.Nb5 Qe7 12.Bg5 Nc6 13.Qa3 Qxa3 14.bxa3 Ne4 15.Bh4 Bd7
16.f3 Nf6 17.Rd1 Na5 18.Bxf6 Bxf6 19.Rxd7 Nxc4 20.Kf2 Bg5 21.f4 exf4 22.exf4
Bd8 23.Rc1 Bb6+ 24.Kf3 Rfe8 25.Rc3 Rac8 26.Rcd3 h5 27.Rxb7 g5 28.Ned4 Rcd8
29.g4 gxf4 30.Kxf4 hxg4 31.Rc3 Na5 32.Rxb6 axb6 33.Rc7 Rd5 34.a4 Rc5 35.Rd7
Rc4 36.Kg5 Nc6 37.Nf5 Ne5 38.Rb7 Nf3+ 39.Kh6 Rc5 40.Nbd6 Re6+ 41.Kh5 Rxd6
42.Kxg4 Nxh2+ {#R} 0-1

[Event "It (open)"]
[Site "masterchessopen.com Rethymno (Greece)"]
[Date "2012.07.11"]
[Round "6"]
[White "Iasman Inna (FRA)"]
[Black "Nasuta Grzegorz (POL)"]
[Result "0-1"]
[WhiteElo "1970"]
[BlackElo "2236"]

1.d4 Nf6 2.c4 g6 3.Nc3 d5 4.Bf4 Bg7 5.e3 c5 6.dxc5 Qa5 7.Rc1 Ne4 8.Nf3 Nxc3
9.Qd2 Qxa2 10.bxc3 Qxd2+ 11.Nxd2 Be6 12.cxd5 Bxd5 13.e4 Bc6 14.Be2 Nd7 15.Be3
O-O 16.O-O a5 17.f3 a4 18.Bd4 Bh6 19.Rfd1 a3 20.Ra1 Ba4 21.Nc4 Bxd1 22.Bxd1
Rfc8 23.Rxa3 Rxa3 24.Nxa3 Nxc5 25.Nb5 Ne6 26.Kf2 Ra8 27.g3 Ra2+ 28.Be2 Kf8
29.Bb6 Ke8 30.Nd4 Nxd4 31.Bxd4 Kd7 32.f4 e6 33.Kf3 Kc6 34.h4 Bf8 35.Bf6 b5
36.Ke3 Ba3 37.Be5 Bc1+ 38.Kf3 Ra3 39.Kf2 Bd2 40.c4 b4 41.Bf6 b3 {#R} 0-1

[Event "It (open)"]
[Site "masterchessopen.com Brasschaat (Belgium)"]
[Date "2012.08.18"]
[Round "1"]
[White "Persoons Bart (BEL)"]
[Black "Mirumian Vigen (CZE)"]
[Result "0-1"]
[WhiteElo "1772"]
[BlackElo "2521"]

1.d4 Nf6 2.c4 g6 3.Nc3 d5 4.Bf4 Bg7 5.e3 c5 6.Rc1 cxd4 7.exd4 O-O 8.Nf3 Nc6
9.Be2 dxc4 10.Bxc4 Bg4 11.d5 Bxf3 12.Qxf3 Nd4 13.Qd1 Nd7 14.Be3 Nf5 15.O-O
Nxe3 16.fxe3 Rc8 17.Bb3 Qb6 18.Qe2 Nc5 19.Bc4 a6 20.Kh1 Qd6 21.a3 b5 22.Ba2
Qe5 23.Rf3 Ne4 24.Rcf1 Nxc3 25.bxc3 Rxc3 26.d6 exd6 27.Rxf7 Rxf7 28.Qf3 Bf6
29.Qa8+ Kg7 30.Bxf7 Kxf7 31.Qb7+ Kg8 32.Qb8+ Kg7 33.Qb7+ Qe7 {#R} 0-1